[Event "BIH-chT"]
[Site "Neum"]
[Date "2004.05.30"]
[Round "2.5"]
[White "Atalik, Suat"]
[Black "Cabrilo, Goran"]
[Result "1/2-1/2"]
[WhiteElo "2558"]
[BlackElo "2487"]
[Annotator "Atalik,S"]
[PlyCount "58"]
[EventDate "2004.05.29"]
[EventType "team"]
[EventRounds "9"]
[EventCountry "BIH"]
[SourceTitle "CBM 102"]
[Source "ChessBase"]
[SourceDate "2004.09.23"]
[SourceVersion "1"]
[SourceVersionDate "2004.09.23"]
[SourceQuality "1"]
[WhiteTeam "Sarajevo Bosna"]
[BlackTeam "Kiseljak"]
[WhiteTeamCountry "BIH"]
[BlackTeamCountry "BIH"]

1. d4 {Being the team capitain I had the pleasure of kicking myself out of the
first round line up.} Nf6 2. c4 g6 3. Nc3 Bg7 4. e4 d6 5. Nf3 O-O 6. Be2 c5 $5
{Goran almost never choses regular Kings Indian lines.} 7. O-O {Going for the
Maroczy Bind.} (7. d5 {Sometime I should learn about} e6 8. O-O Re8 (8... Na6
$5 9. dxe6 Bxe6 10. Bf4 $1 Qa5 (10... Qb6 11. Rb1 (11. Qb3 $5)) 11. Re1 Rfe8
12. Bf1 Bg4 13. h3 Bxf3 14. Qxf3 Nb4 15. Rac1 Nd7 $16 {Ponomariov-Topalov,Leon
(rapid)2003.}) 9. Nd2 (9. h3 Na6 (9... exd5 10. exd5 Bf5 (10... Na6 11. Bd3 $5)
11. Bd3 Ne4 12. Nxe4 Bxe4 13. Bxe4 Rxe4 14. Qc2 Re8 15. Bg5 $14)) 9... Na6 10.
Kh1 Nc7 11. a4 b6 12. f3 Rb8 13. Ndb1 $14) 7... cxd4 8. Nxd4 Nc6 9. Be3 Nxd4 {
Is not it to early for this exchange.} (9... Bd7 10. Qd2 Nxd4 11. Bxd4 Bc6 12.
f3 a5 13. Rab1 Nd7 14. Be3 Nc5 15. Rfc1 Qb6 16. b3 Rfc8 17. Rc2 Qd8 (17... h5
18. Nd5 Qd8 (18... Bxd5 19. exd5 Qb4 20. Qc1 $1 $16 {The point behind Rc2.})
19. Bg5 $16) 18. a3 Be5 (18... a4 19. b4 Nb3 20. Qd3 $16) 19. b4 axb4 20. axb4
Ne6 21. Nd5 Ra3 22. Kh1 Rca8 23. f4 Bg7 24. f5 Nf8 25. Bb6 Qd7 26. Rf1 Ra1 27.
Ba5 Rxf1+ 28. Bxf1 Bxd5 29. cxd5 Rc8 30. Bd3 Rxc2 31. Qxc2 Be5 32. g3 $16) 10.
Bxd4 Bd7 11. f3 a5 12. a3 $6 {This looked like taking the advantage out of
black's move order.} a4 $2 {and Goran bites the bait!} (12... Nh5 $1 13. b4
axb4 14. Bxg7 Nxg7 (14... Kxg7 15. axb4 Qb6+ 16. Kh1 Be6 $15) 15. axb4 Qb6+ 16.
Kh1 Be6 17. Rb1 $15) 13. c5 $1 {After this black has two organic weaknesses:
a4and e7.} dxc5 14. Bxc5 Bc6 15. Qxd8 Rfxd8 16. Rfd1 ({Probably after} 16. Bxe7
$2 Rd2 $44 {black's initiative provides him with more than enough compensation
for the pawn.}) 16... e6 17. Kf2 (17. Rxd8+ $6 Rxd8 18. Rd1 Rxd1+ 19. Bxd1 Nd7
20. Bb4 (20. Be3 $6 b5 21. Be2 $140 $2 b4 22. axb4 a3 23. b5 Bb7 24. Bc1 Nb6 $1
$19) 20... Nb6 $11) 17... Rxd1 18. Rxd1 Nd7 19. Be3 $1 {Better than} (19. Bd4
Bf8 {since black's bishop will anyway go to f8 square.}) 19... Ra5 20. Rd2 Kf8
21. Na2 $5 (21. Bd4 Bxd4+ 22. Rxd4 Ke7 23. Ke3 f5 $132) 21... Ke8 $6 {Once
again Goran thinks the same way I do over the position.But...} (21... Nc5 $1
22. Nb4 Nb3 23. Rc2 ({my intended} 23. Nxc6 bxc6 24. Rd8+ $6 Ke7 25. Bb6 {
runs into the computer move} Rc5 $3 $17) 23... Nd4 24. Rd2 Nb3 $11) 22. Rc2 {
I was very ambitious in this stage.} (22. Nb4 Bb5 23. Nd3 $14) 22... Bf8 23.
Nb4 Bc5 24. Nxc6 bxc6 25. Bxc5 Nxc5 26. Ke3 $1 (26. Rc4 Rb5 27. Rb4 Rxb4 28.
axb4 Nd7 $11) 26... Kd7 27. e5 $1 {White eliminates lines which do not give
him any edge here around one by one.} (27. Rc4 $6 e5 28. Rb4 Kc7 29. Bc4 f6 30.
Bg8 h6 31. Bf7 g5 $11) 27... Kc7 28. f4 {By doublechecking some possibilities
I have become aware that my prepared idea was about to bring me on the edge of
a defeat!} (28. Rc4 Nd7 29. Rf4 $2 Nxe5 $1 (29... Rxe5+ 30. Kf2) 30. Rf6 Kd6
31. f4 Ke7 $1 $19) 28... Nd7 29. Bf3 c5 {Goran offered a draw with this move.
I thought I have already lost most of my advantage, besides my teammates had
already secured a won match against our most important rival in the league.} (
29... c5 30. Be2 $1 {However later I have found out that white has a big edge
over the game and regretted my hasty decision.} (30. Kd2 $2 Nb6 31. Rc3 Rb5 32.
Kc1 Nd5 33. Rc4 Nb6 34. Rc2 c4 35. Rc3 Rc5 $11) 30... f6 (30... Nb6 31. Ke4 Nd5
32. g4 Kc6 33. Bc4 Ra8 34. Rd2 Rd8 35. Kf3 h6 36. f5 exf5 37. gxf5 gxf5 38. b3
axb3 39. Bxb3 f4 40. a4 Rd7 41. Bc4 $18) 31. exf6 Nxf6 32. Bc4 Kd6 33. Rd2+ Ke7
34. Kf3 $16) 1/2-1/2

[Event "EU-Cup 20th"]
[Site "Izmir"]
[Date "2004.10.03"]
[Round "1.2"]
[White "Stohl, Igor"]
[Black "Heim, Sverre"]
[Result "1-0"]
[WhiteElo "2561"]
[BlackElo "2341"]
[Annotator "Atlas,V"]
[PlyCount "87"]
[EventDate "2004.10.03"]
[EventType "team-swiss"]
[EventRounds "7"]
[EventCountry "TUR"]
[SourceTitle "CBM 104"]
[Source "ChessBase"]
[SourceDate "2005.01.27"]
[SourceVersion "1"]
[SourceVersionDate "2005.01.27"]
[SourceQuality "1"]
[WhiteTeam "Zalaegerszeg"]
[BlackTeam "Oslo"]
[WhiteTeamCountry "HUN"]
[BlackTeamCountry "NOR"]

1. c4 c5 2. Nf3 g6 3. e4 Bg7 4. d4 cxd4 5. Nxd4 Nc6 6. Be3 Nf6 7. Nc3 O-O 8.
Be2 b6 9. O-O Bb7 10. Nxc6 Bxc6 11. f3 d6 12. Qd2 Qd7 13. Rad1 Rfc8 14. b3 Qe8
15. Rfe1 Rab8 16. Bd4 Qf8 17. Bf1 Nd7 18. Nd5 Bxd4+ 19. Qxd4 Re8 20. Re3 Qg7
21. Qd2 Kf8 22. f4 Nc5 23. b4 Nb7 24. Nc3 a5 {'?!'} ({This move simplifies
White's task. More tenacious was} 24... Rbc8) 25. b5 {'!'} Bd7 26. Na4 {
'!' Forcing further exchanges and obtaining a large advantage.} Bg4 (26... Nd8
{is strongly met by} 27. Qf2 {, targeting the b6-pawn.}) 27. Be2 Bxe2 28. Rxe2
Nc5 29. Nxc5 dxc5 30. e5 {'!' Now it is obvious that Black has very little
chances to save the game.} Qh6 31. g3 Qh3 32. e6 f6 33. Qd3 Qg4 34. Kf2 Kg7 35.
Qe4 g5 36. Rd7 gxf4 37. gxf4 Kh6 38. Re3 Qh4+ 39. Kg2 Rg8+ 40. Rg3 Rg4 41. Rxe7
f5 (41... Rxg3+ {falls short of} 42. hxg3 f5 43. Rxh7+ Kg6 44. gxh4 fxe4 45.
Rf7) 42. Rxh7+ {'!' '!' A nice game conclusion. Black resigned in view of the
line:} Kxh7 (42... Kg6 43. Qe5 Rxg3+ 44. hxg3 Qxh7 45. Qxb8) 43. Qxf5+ Kh8 44.
Rxg4 {, winning.} 1-0

[Event "USA-ch"]
[Site "Modesto"]
[Date "1995.??.??"]
[Round "7"]
[White "De Firmian, Nick E"]
[Black "Kudrin, Sergey"]
[Result "1-0"]
[WhiteElo "2605"]
[BlackElo "2525"]
[Annotator "Baburin,A"]
[PlyCount "153"]
[EventDate "1995.11.??"]
[EventType "tourn"]
[EventRounds "13"]
[EventCountry "USA"]
[EventCategory "12"]
[SourceTitle "CBM 051"]
[Source "ChessBase"]
[SourceDate "1996.04.01"]
[SourceVersion "1"]
[SourceVersionDate "1996.04.01"]
[SourceQuality "1"]

1. e4 c5 2. Nf3 Nc6 3. d4 cxd4 4. Nxd4 g6 5. c4 Bg7 6. Be3 Nf6 7. Nc3 O-O 8.
Be2 b6 {In this game Black aims for a hedgehog set-up, which is a rather
unusual approach in this line.} 9. Qd2 Bb7 10. f3 d6 11. O-O Ne5 12. Rac1 Rc8
13. Nd5 Ned7 14. Nb5 a6 15. Nbc3 Bc6 16. Rfd1 Re8 17. Bf1 Rb8 18. b4 Bh8 19.
Qe2 Bg7 20. Rd2 Bh8 21. Qe1 Bg7 22. Qd1 Qc8 23. Ne2 Qd8 24. Nd4 Bb7 25. Nb3 Qc8
$6 (25... Bc6 $5) 26. a4 $1 {This is one of the most dangerous plans against
the Hedgehog in action. Black's position will not be so harmonious after
exchanging the b6-pawn for white's a-pawn.} Ba8 27. a5 bxa5 28. Nxa5 e6 29.
Nxf6+ Nxf6 30. Rxd6 $1 {White plans a completely sound exchange sacrifice.} Bf8
(30... Rxb4 31. c5) 31. b5 Bxd6 32. Qxd6 axb5 33. cxb5 Qd7 34. Qe5 $1 Nh5 35.
g4 f6 36. Qc7 Qxc7 37. Rxc7 $18 Rec8 (37... Ng7 38. Bh6 $18) 38. Rxc8+ Rxc8 39.
gxh5 gxh5 40. b6 Rc3 41. Bd4 Rxf3 42. b7 Bxb7 43. Nxb7 Kg7 44. Nc5 e5 45. Bf2
Rc3 46. h4 Kg6 47. Bd3 Kf7 48. Kf1 Kg6 49. Ke2 Rc1 50. Nb3 Rc3 51. Nd2 Ra3 52.
Nc4 Ra2+ 53. Kf3 Ra1 54. Ne3 Ra3 55. Bc4 Rc3 56. Be1 Ra3 57. Bb4 Ra7 58. Bd5
Ra4 59. Bf8 Ra1 60. Nf5 h6 61. Nxh6 Rf1+ 62. Kg2 Rb1 63. Bf7+ Kh7 64. Nf5 Re1
65. Ng3 Rc1 66. Bxh5 Rc3 67. Bg4 Kg8 68. Bb4 Rc2+ 69. Kh3 Rb2 70. Ba3 Rb6 71.
Bf5 Kg7 72. Kg4 Rc6 73. h5 Rb6 74. h6+ Kf7 75. h7 Rb8 76. Nh5 Ra8 77. Bc1 1-0

[Event "Asker 75th"]
[Site "Asker"]
[Date "1997.11.26"]
[Round "5"]
[White "Rytshagov, Mikhail"]
[Black "Nielsen, Peter Heine"]
[Result "0-1"]
[WhiteElo "2525"]
[BlackElo "2515"]
[Annotator "Baburin,A"]
[PlyCount "130"]
[EventDate "1997.11.22"]
[EventType "tourn"]
[EventRounds "9"]
[EventCountry "NOR"]
[EventCategory "10"]
[SourceTitle "CBM 062"]
[Source "ChessBase"]
[SourceDate "1998.01.31"]
[SourceVersion "1"]
[SourceVersionDate "1998.01.31"]
[SourceQuality "1"]

1. e4 {Hecht Tsesarsky} c5 2. Nf3 Nc6 3. d4 cxd4 4. Nxd4 g6 5. c4 Bg7 6. Be3
Nf6 7. Nc3 O-O 8. Be2 d6 9. O-O Bd7 10. f3 Qb6 {This position is not new to
theory but White's next move might be a novelty.} (10... Nxd4 {Tsesarsky} 11.
Bxd4 a5 12. Qd2 $14 (12. Qb3 $2 Nxe4 {1/2-1/2 Bastidas,E-Barria,D/X Mundial
U-26 x Equipos 1997 (37)}) (12. b3 Bc6 13. Rc1 Nd7 14. Be3 $14)) (10... Ne8 {
Tsesarsky} 11. Qd2 Nc7 12. Rfd1 Ne6 13. Nb3 b6 14. Rac1 Nc5 15. Nd4 Ne5 16. Nd5
Rc8 17. b3 e6 (17... Bc6 18. b4 Ne6 19. f4 Nxd4 20. Bxd4 Nd7 21. Bxg7 Kxg7 22.
Qb2+ Kg8 23. e5 $16 {1-0 Zdenek,P-Spilka,J/CZE-chT1b 1995 (26)}) 18. Nc3 a6 19.
Nc2 Nc6 20. b4 Nb7 21. Na4 $16) (10... Re8 {Tsesarsky} 11. Qd2 Qa5 12. Nb3 Qd8
13. Nd5 Rc8 14. Rac1 b6 15. Rfd1 Rb8 16. Bh6 (16. Na1 Rc8 17. Nc2 Ne5 18. b3
$14) 16... Bh8 17. Bg5 Nxd5 18. cxd5 Ne5 19. Nd4 $14 {0-1 Alekhine-Pruss,L/
Rosario 1926 (39)}) 11. Kh1 (11. Na4 {Tsesarsky} Qd8 (11... Qa5 12. Nc3 Rfc8 (
12... Qb6 $11) 13. Nb3 Qd8 14. Rc1 Na5 15. Nxa5 Qxa5 16. Qd2 a6 17. b3 b5 $132
{- Adamski,J-Petran,P/Stary Smokovec 1974/MCD-r7 (26)}) 12. Nxc6 Bxc6 13. Nc3
a5 14. Na4 Nd7 15. Rb1 b6 16. Qc2 Nc5 17. Nc3 Qc7 18. Nd5 Qb7 $11 (18... Bxd5
$2 19. cxd5 $14 {- Salmensuu,O-Pihlajasalo,A/Turku op 1993/EXT 97 (29)})) (11.
Qd3 {Tsesarsky} Qxb2 12. Rab1 Qa3 13. Rxb7 Ne5 14. Qd2 Rfc8 (14... Rfb8 $15)
15. Nd5 $5 (15. Ndb5 Qa6 (15... Qa5 16. Bd4 $132 (16. Rxa7 Rxa7 17. Nxa7 Nxc4
$17)) 16. Rxa7 Rxa7 17. Nxa7 Ra8 (17... Nxc4 $4 18. Nxc8 Qxc8 (18... Bxc8 19.
Bxc4 Qxc4 20. Rb1 $18) 19. Bxc4 Qxc4 20. Rc1 $18 {Cuijpers,F-Rausis,I/Nimes op
1991/EXT 91op/0-1 (44)}) 18. Nab5 Rc8 $14) 15... Nxd5 16. cxd5 Rab8 17. Rfb1
Rxb7 18. Rxb7 $16) (11. Ncb5 {Tsesarsky} a6 12. Nc2 Qa5 13. Nc3 Rac8 (13...
Rfc8 $132) 14. f4 b5 $132 {- Belov,V-Nielsen,P/Karsten Kold op 1997/EXT 97 (32)
}) 11... Qxb2 {The game is approaching its first critical moment - obviously
by playing 11 Kh1 White provoked Black to take the b2-pawn and Black accepted
the challenge. The next few moves will show whose assessment was correct.} 12.
Na4 Qa3 ({I think that Black had a better option here. Instead of 12...Qa3
Black could try} 12... Qxa1 $1 13. Qxa1 Nxd4 14. Bxd4 Bxa4 {where a rook, a
knight and a pawn would be enough to compensate him for the sacrificed queen.})
13. Bc1 Qxa4 (13... Qb4 $2 {Tsesarsky} 14. Bd2 (14. Nb5 Nxe4 15. fxe4 {1-0
Landenbergue-Kribben/Biel Jugendturnier 1981}) 14... Qxd2 (14... Qa3 15. Nb5
$18) (14... Qxa4 15. Qxa4 Nxd4 16. Qd1 $18) 15. Qxd2 Nxd4 16. Nc3 $18) 14. Qxa4
Nxd4 15. Qd1 Nxe2 $2 {Black should not part with his powerful knight so easily.
} ({Much better was} 15... Nxe4 $1 16. Bb2 ({White might also try} 16. fxe4
Nxe2 17. Bg5) 16... Nxe2 17. Qxe2 ({After} 17. Bxg7 $6 N2g3+ 18. hxg3 Nxg3+ 19.
Kg1 Kxg7 {Black obtains yet another, the third pawn in addition to his two
minor pieces.} {After} 20. Re1 Rfe8 {White's advantage is no longer clear.} (
20... Be6 $132)) 17... Bxb2 18. Qxb2 Nc5 {and Black has significant
compensation for the queen: his knight has a nice position on c5, while the
bishop can be placed on e6, where it will attack the c4-pawn. I think that
here White's chances lie in the advanced position of Black's g-pawn. White
should either attack by h2-h4-h5, targeting the g6-pawn or try to invade on
the h-file by moving the queen to h6 and one of his rooks to h4. Anyway, this
position remains unclear and certainly here Black would have better chances
than in the game.} (18... Nc5 {Tsesarsky} 19. Rfe1 $16)) 16. Qxe2 Nxe4 17. Ba3
(17. Rb1 {Tsesarsky} Nc3 18. Qxe7 Nxb1 19. Qxd7 b6 20. Qxd6 Rfd8 21. Qb4 Nc3
22. Qa3 $16) 17... Nc5 18. Qxe7 (18. Rab1 {Tsesarsky} Bf5 19. Qxe7 Bxb1 20.
Rxb1 b6 21. Qxd6 Rfd8 $16) 18... Be6 ({Of course, Black could not take the
rook on a1, as after} 18... Bxa1 19. Rxa1 $18 {he would not survive the attack
on the long diagonal.} (19. Rxa1 {Tsesarsky} Be6 20. Qxd6 b6 21. Rd1 $1 (21.
Bxc5 $2 bxc5 22. Rc1 Bxc4 $1 23. a3 (23. Rxc4 Rad8 24. Qxc5 Rd1+ 25. Qg1 Rfd8
$11) 23... Be6 24. Qxc5 Rac8 25. Qe3 Rxc1+ 26. Qxc1 Rc8 $14) 21... Rfc8 (21...
Bxc4 $6 22. Qf6 $1 $18) 22. Bb2 $18)) 19. Qxd6 b6 20. Bxc5 (20. Rad1 Bxc4 21.
Rf2) (20. Rad1 $18 {Tsesarsky}) 20... bxc5 21. Rac1 Bd4 22. Rfe1 a5 23. h4 {
Here White has a few different ways to win this position; which one to choose
is a matter of taste.} ({White could also give back some of his material
advantage, and in doing so liqudate the two bishops by playing} 23. Rxe6 fxe6
24. Qxe6+ Kh8 (24... Kg7 {Tsesarsky} 25. a4 $18) 25. Re1 $18) (23. a4 $18 {
Tsesarsky}) 23... a4 24. h5 Kg7 (24... Rfb8 {Tsesarsky} 25. hxg6 hxg6 26. Rxe6
fxe6 27. Qxe6+ $18) 25. Qf4 (25. Re2 $18 {Tsesarsky}) (25. hxg6 {Tsesarsky}
hxg6 26. g4 Rh8+ 27. Kg2 Rab8 28. Re2 $18) 25... gxh5 26. Re5 $1 (26. Qg5+ {
Tsesarsky} Kh8 27. Qxh5 $18) 26... Bxe5 27. Qxe5+ Kg6 28. Qxc5 $18 {White's
position is winning and it's hard to explain what happened in the game and how
White managed to lose this game.} (28. Qg3+ {Tsesarsky} Kh6 29. Re1 Rg8 30.
Qf4+ Kg6 31. Re5 h6 32. Qe4+ Kf6 33. Rxh5 $18) 28... Rfd8 (28... Rfc8 {
Tsesarsky} 29. Qd4 Rab8 30. Kh2 $18) 29. f4 (29. Qf2 $18 {Tsesarsky}) 29... Bf5
30. Qe7 (30. Rb1 $1 {Tsesarsky} f6 31. Rb5 $18) 30... f6 31. c5 (31. Qe1 $18 {
Tsesarsky}) 31... Re8 32. Qb7 (32. Qd6 {Tsesarsky} Rad8 $16) 32... Be4 33. c6
Rab8 34. f5+ (34. Qa6 {Tsesarsky} Rb2 35. c7 (35. Qxa4 Bxg2+ 36. Kg1 Ree2 37.
f5+ Kxf5 38. c7 Bb7 $44) 35... Bxg2+ 36. Kg1 Bh3 37. Qc6 Ree2 (37... Rg2+ 38.
Kh1 Ree2 39. Rg1 $18) 38. c8=Q Bxc8 39. Qxc8 Rg2+ $11) 34... Bxf5 35. Qc7 (35.
Qa6 $1 {Tsesarsky} Rb2 (35... Ra8 36. Qf1 Rac8 37. c7 h4 38. Qb5 a3 39. Rc5 Be4
40. Qb3 Re7 41. Qh3 f5 42. Qxa3 $18) 36. c7 Rxa2 37. c8=Q Bxc8 38. Rxc8 Re4 39.
Rg8+ Kf7 40. Qa8 $18) 35... Rb4 36. Qg3+ (36. Rf1 {Tsesarsky} Rg4 37. Rxf5 Re1+
38. Kh2 Kxf5 39. Qd7+ Kg6 40. c7 $18) 36... Rg4 37. Qf2 Be4 38. c7 Rxg2 39.
Qxg2+ (39. Rg1 {Tsesarsky} Rg4+ 40. Kh2 Rc8 41. Qf4 Bf5 42. Rg3 h6 $11) 39...
Bxg2+ 40. Kxg2 Rc8 41. Kg3 (41. Kh3 {Tsesarsky} Kg5 (41... Kf5 42. Kh4) 42.
Rg1+ Kf4 43. Rg7 Ke5 44. Rxh7 Kd6 45. Rf7 Rxc7 46. Rxf6+ Ke5 $17) 41... Kf5 42.
a3 (42. Rc4 {Tsesarsky} Kg5 43. a3 f5 44. Rc6 h4+ 45. Kh3 h6 46. Rc5 $11) 42...
Ke6 43. Rc4 Kd5 44. Rxa4 Rxc7 45. Ra5+ Ke4 46. Rxh5 f5 47. a4 (47. Rh4+ {
Tsesarsky} Ke3 48. Rb4 Rg7+ 49. Kh2 f4 50. Rb3+ Ke2 51. Rb2+ Kf3 52. Rb3+ Kg4
53. a4 $11) 47... f4+ {[#] Hecht: Hier läuft alles auf das Elementarendspiel T
plus f-Bauer vs Turm hinaus. 10 Züge später schauen wir näher hin. Eine
Medaille für die Endspielpatzerei!} 48. Kf2 Rc2+ 49. Kg1 Ke3 (49... Kf3 {
Tsesarsky} 50. Rh3+ $11) 50. Re5+ (50. Rxh7 {Tsesarsky} Rc1+ 51. Kh2 f3 52.
Re7+ (52. Rb7 f2 $19) 52... Kf2 53. Rb7 Ke1 54. Kg3 (54. Re7+ Kf1 55. a5 f2 56.
a6 Rc8 57. Rg7 Rh8+ 58. Kg3 Re8 $19) 54... f2 55. Re7+ Kf1 56. Rf7 Rc3+ 57. Kh2
Rc6 $19) 50... Kf3 51. Rb5 Ra2 (51... Rg2+ $1 {Tsesarsky} 52. Kh1 Ra2 53. Kg1
$1 (53. Rb3+ Kf2 $19) (53. Rh5 Ke3 54. Rxh7 f3 55. Re7+ Kf2 $19) 53... Kg4 (
53... Ra1+ 54. Kh2) 54. Rb7 $17) 52. a5 h6 53. Rb3+ Kg4 54. Rb6 Kg3 (54... h5
$17 {Tsesarsky}) 55. Rg6+ Kf3 56. Rxh6 Ra1+ 57. Kh2 Rxa5 {[#] Hecht: Remis
laut Endspiel-CD. Neben dem Textzug halten auch Tg6, Td6, Tc6 und Tc6 sowie
Kg1/h1 remis. Der Doppelfehler im 61./62. Zug zeigt, daß beide Spieler
Defizite haben....! Dieses Endspiel ergibt sich im allgemeinen aus dem Typ
T+f+h vs T, und schon deshalb sollte man wissen, wie die Verteidigung zu
führen ist. Weiß gelangt mit dem König nicht vor den Bauern, steht aber sehr
gut auf der kurzen Seite und am besten auf h2. Der Turm stellt sich entweder
hinter den Bauer und hindert ihn im Zusammenspiel mit dem König von g2 aus
effektvoll am Vorwärtsgehen, oder er begibt sich auf die lange Seite (a- oder
b-Linie), bereit von dort Seitenschachs zu geben. Derzeit hat Weiß noch
Auswahl, was nicht mehr der Fall sein wird, wenn der Bauer auf f3 zu stehen
kommt.} 58. Rf6 {Hecht:Remis laut Endspiel-CD. Neben Tg6/d6/c6/b6 halten auch
Kg1 und Kh1 remis. Der Doppelfehler im 61./62.Zug zeigt, daß beide Spieler
Defizite haben...!} Rg5 (58... Ra2+ {Hecht} 59. Kg1 Ra1+ 60. Kh2 Ke3 61. Kg2
$11) 59. Ra6 Rg2+ 60. Kh1 (60. Kh3 $11 {Hecht}) 60... Re2 61. Ra1 $4 {Hecht:11
Züge halten remis!! Dazu gehörem jeder Turmzug außer den offensichtlichen
Turmeinstellern, dem passiven Textzug und Ta4. Auch Kg1 geht. Keinesfalls aber
darf sich Weiß seinen König auf der 1.Reihe abklemmen lassen, ohne Turmschachs
von oben zu haben!} (61. Ra4 $4 {Hecht} Kg3 $19) 61... Re3 $4 $11 {Hecht:Nutzt
nicht die Gunst der Stunde. Es gewann kinderleicht:} (61... Kg3 $1 $19 {
Tsesarsky} 62. Rg1+ Kh3 63. Rf1 Rb2 (63... Ra2 {Hecht} 64. Rf3+ Kg4 65. Rf1 (
65. Rb3 f3 66. Rb8 Ra1+ 67. Kh2 f2 68. Rg8+ Kh5 (68... Kf3 69. Rf8+ Ke2 70. Kg2
Rg1+ (70... f1=Q+ $19) 71. Kh2 f1=R $1 (71... f1=Q $2 72. Re8+ $11 {
Dauerschach bzw. patt!!})) 69. Rh8+ Kg6 $19) 65... f3 66. Rg1+ Kh3 67. Rg8 Ra1+
68. Rg1 Rxg1+ 69. Kxg1 Kg3 70. Kh1 Kf2 $19) 64. Rf3+ Kg4 65. Ra3 f3 $19) 62.
Kg1 $4 {Hecht:Macht den Verlustsack endgültig zu, indem er Schwarz zu seinem
Gewinnglück geradezu zwingt.} (62. Kh2 $11 {Hecht oder Tuzrmzüge von a5 bis a8
sowie Tg1 halten nach wie vor das Gleichgewicht.} Kf2 63. Ra8 f3 64. Ra1 $8 (
64. Ra7 $2 Kf1 $1 65. Ra1+ Re1 66. Ra3 f2 67. Ra2 Rd1 68. Rb2 Ke1 $19) 64...
Re1 65. Ra2+ Ke3 (65... Kf1 66. Kg3 $11) 66. Ra3+ Kf4 67. Ra4+ Re4 68. Ra8 Ke3
69. Kg1 $11) 62... Kg3 63. Kf1 (63. Rb1 {Tsesarsky} f3 64. Kf1 Ra3 $19) 63...
Rb3 (63... f3 $2 {Hecht} 64. Ra8 $11) 64. Kg1 f3 65. Rc1 Rb2 (65... Rb2 {Hecht}
66. Ra1 Rg2+ 67. Kf1 Rh2 68. Kg1 f2+ $19) 0-1

[Event "Lake Sevan"]
[Site "Martuni"]
[Date "2016.07.22"]
[Round "5"]
[White "Artemiev, Vladislav"]
[Black "Gabuzyan, Hovhannes"]
[Result "1-0"]
[WhiteElo "2653"]
[BlackElo "2607"]
[Annotator "Baldauf,M"]
[PlyCount "95"]
[EventDate "2016.07.18"]
[EventType "tourn"]
[EventRounds "9"]
[EventCountry "ARM"]
[EventCategory "16"]
[SourceTitle "CBM 174"]
[Source "ChessBase"]
[SourceDate "2016.09.13"]
[SourceVersion "1"]
[SourceVersionDate "2016.09.13"]
[SourceQuality "1"]
[TimeControl "6000+825"]
[WhiteClock "0:27:05"]
[BlackClock "1:07:00"]

1. Nf3 c5 2. c4 g6 3. e4 Bg7 4. d4 cxd4 5. Nxd4 Nc6 6. Be3 Nf6 7. Nc3 O-O 8.
Be2 d6 9. O-O Bd7 10. Qd2 Nxd4 11. Bxd4 Bc6 12. f3 Nd7 13. Be3 a5 14. b3 Nc5
15. Rab1 Qb6 16. Rfc1 Rfc8 17. Rc2 Be5 $5 {Diagramm [#] deckt vorsorglich den
Bauern d6, der nach folgendem e6 die Schwäche im schwarzen Lager darstellt.
Zudem zielt er auf den weißen Königsflügel, wo er in Verbindung mit einer
Umgruppierung der Db6 für Ärger sorgen kann. Der Le5 steht stabiler als auf
den ersten Blick ersichtlich, da aufgrund der Konstellation Lc6/Sc5 weißes f4
nur in sehr seltenen Fällen möglich ist.} (17... Qd8 {ist mit 353 Partien in
der MegaBase 2016 der Hauptzug}) 18. Nd5 $5 (18. f4 $2 Bxc3 19. Qxc3 Bxe4 $19)
(18. Kh1 e6 19. Nb5 Qd8 20. Rd1 Qh4 21. Bg1 Rd8 $11) 18... Qd8 19. Bg5 $5 {
erzwingt f6, wonach der schwarzen Dame der natürliche Weg zum Angriff
versperrt ist.} f6 20. Bh4 e6 21. Nc3 g5 22. Bg3 {Weiß hat in den letzten
Zügen einige Tempo verloren, doch nun ist die Schwäche d6 fixiert. Zudem ist
nicht vollständig klar, ob der Vorstoß f6-g5-h5 der schwarzen Stellung nicht
eher Halt nimmt.} h5 23. Qe3 Qe7 24. a3 a4 (24... h4 25. Bxe5 dxe5 (25... fxe5
$6 26. b4 axb4 27. axb4 Na4 28. Nxa4 Bxa4 29. Rd2 $16 {[%csl Rd6,Rg5]}) 26. b4
axb4 27. axb4 Na4 28. c5 $1 $14) 25. b4 Nb3 {Diagramm [#]} 26. Qd3 (26. Bxe5
fxe5 {[%cal Rb3d4]}) 26... Nd4 (26... h4 27. Bf2 Be8 $13 {gefällt mir besser
als den Springer auf e2 zu tauschen}) 27. Rcc1 h4 28. Bf2 Nxe2+ 29. Nxe2 {
ohne den Störenfried auf b3 spielt sich die weiße Stellung zumindest einfacher}
Be8 30. Bd4 Rc7 31. Rc3 Rac8 32. Rbc1 Bf7 33. R3c2 Kg7 34. Rc3 Bg6 35. Qe3 Bf4
$2 {möchte zu viel} (35... Bf7) 36. Nxf4 gxf4 37. Qf2 h3 38. Bb6 Rd7 39. Qh4 {
die schwarze Stellung wird nun wacklig, die Befreeiung des Lg6 funktioniert
nicht wie erwünscht} d5 $2 (39... hxg2 40. R3c2 $14 {[%cal Rc2g2]}) 40. cxd5
Rxc3 41. Rxc3 exd5 42. Rc8 {Artemiev setzt zum Mattangriff an} Be8 43. Qg4+ Kh7
44. Qxh3+ Kg7 45. Qg4+ Kh7 46. Qf5+ Kg7 47. Bc5 Qf7 48. e5 1-0